Physical principles of remote sensing / (Record no. 5125)

MARC details
000 -LEADER
fixed length control field 01219cam a22003134a 4500
001 - CONTROL NUMBER
control field 12162087
003 - CONTROL NUMBER IDENTIFIER
control field OSt
005 - DATE AND TIME OF LATEST TRANSACTION
control field 20210920150328.0
008 - FIXED-LENGTH DATA ELEMENTS--GENERAL INFORMATION
fixed length control field 000901s2001 enka b 001 0 eng
010 ## - LIBRARY OF CONGRESS CONTROL NUMBER
LC control number 00045535
020 ## - INTERNATIONAL STANDARD BOOK NUMBER
International Standard Book Number 0521660343 (hardback)
020 ## - INTERNATIONAL STANDARD BOOK NUMBER
International Standard Book Number 0521669480 (pb)
040 ## - CATALOGING SOURCE
Transcribing agency HU
042 ## - AUTHENTICATION CODE
Authentication code pcc
050 00 - LIBRARY OF CONGRESS CALL NUMBER
Classification number G70.4
Item number .R44 2001
082 00 - DEWEY DECIMAL CLASSIFICATION NUMBER
Classification number 621.3678/REE
Edition number 21
100 1# - MAIN ENTRY--PERSONAL NAME
Personal name Rees, Gareth,
Dates associated with a name 1959-
9 (RLIN) 5175
245 10 - TITLE STATEMENT
Title Physical principles of remote sensing /
Statement of responsibility, etc. W.G. Rees.
250 ## - EDITION STATEMENT
Edition statement 2nd ed.
260 ## - PUBLICATION, DISTRIBUTION, ETC.
Place of publication, distribution, etc. Cambridge, U.K. ;
-- New York, NY :
Name of publisher, distributor, etc. Cambridge University Press,
Date of publication, distribution, etc. 2001.
300 ## - PHYSICAL DESCRIPTION
Extent 343
Other physical details ill. (some col.) ;
Dimensions 26 cm.
504 ## - BIBLIOGRAPHY, ETC. NOTE
Bibliography, etc. note Includes bibliographical references (p. 317-320).
650 #0 - SUBJECT ADDED ENTRY--TOPICAL TERM
Topical term or geographic name entry element Remote sensing.
9 (RLIN) 5176
856 42 - ELECTRONIC LOCATION AND ACCESS
Materials specified Publisher description
Uniform Resource Identifier <a href="http://www.loc.gov/catdir/description/cam021/00045535.html">http://www.loc.gov/catdir/description/cam021/00045535.html</a>
856 41 - ELECTRONIC LOCATION AND ACCESS
Materials specified Table of contents
Uniform Resource Identifier <a href="http://www.loc.gov/catdir/toc/cam023/00045535.html">http://www.loc.gov/catdir/toc/cam023/00045535.html</a>
906 ## - LOCAL DATA ELEMENT F, LDF (RLIN)
a 7
b cbc
c orignew
d 1
e ocip
f 20
g y-gencatlg
942 ## - ADDED ENTRY ELEMENTS (KOHA)
Source of classification or shelving scheme Dewey Decimal Classification
Koha item type Books like text book referance book
Suppress in OPAC No
Holdings
Withdrawn status Lost status Source of classification or shelving scheme Damaged status Not for loan Home library Current library Shelving location Date acquired Total Checkouts Full call number Barcode Date last seen Copy number Price effective from Koha item type
    Dewey Decimal Classification     Natural & Computational Science Library Natural & Computational Science Library General Stacks 09/20/2021   621.3678/REE NSCLIB00008512 09/20/2021 1 09/20/2021 Books like text book referance book